| 000 | 00982cam a2200217 4500 | ||
|---|---|---|---|
| 001 | X1181567 | ||
| 008 | 020527n2002 000 0 eng u | ||
| 035 | _a(Sirsi) u118157 | ||
| 245 | _aSage v SoS Environment and another | ||
| 260 | _c2002 | ||
| 490 |
_aProperty, Planning and Compensation Reports _v[2002] 1 P&CR 493-500(8) |
||
| 490 |
_aJournal of Planning and Environment Law _v[2002] JPL 352-359(8) |
||
| 520 | _a[2001] EWCA Civ 100. Time limits for enforcement under Town and Country Planning Act 1990 s171B. Dwelling house. Substantial completion of operations. Whether the operations to be considered were those which constituted a breach of planning control [Taken from journal headnote]. | ||
| 650 | _aENFORCEMENT NOTICES | ||
| 650 | _aTOWN AND COUNTRY PLANNING ACT 1990 S171(B) | ||
| 650 | _aDOE CIRCULAR 10/1997 | ||
| 650 | _aSUBSTANTIALLY COMPLETED | ||
| 650 | _aSAGE V SOS ENVIRONMENT AND OTHERS | ||
| 690 |
_aPlanning and development _96259 |
||
| 942 | _n0 | ||
| 999 |
_c70365 _d70365 |
||